Hacia una perspectiva cristiana de la historia (Record no. 26829)

MARC details
000 -LEADER
campo de control de longitud fija 00549ntaaa2200181 4500
003 - IDENTIFICADOR DE NÚMERO DE CONTROL
campo de control 01
005 - FECHA Y HORA DE LA ÚLTIMA TRANSACCIÓN
campo de control 20251027203138.0
008 - DATOS DE LONGITUD FIJA--INFORMACIÓN GENERAL
campo de control de longitud fija 0714s1973 ag 01
040 ## - FUENTE DE CATALOGACIÓN
Centro catalogador/agencia de origen AR-BaBN
Lengua de catalogación spa
Centro/agencia transcriptor AR-BaBN
Normas de descripción aacr
Centro/agencia modificador RIC
082 ## - NÚMERO DE LA CLASIFICACIÓN DECIMAL DEWEY
Número de clasificación 209.0630 H11h
100 ## - ENTRADA PRINCIPAL--NOMBRE DE PERSONA
Nombre de persona Escobar, Samuel
9 (RLIN) 1057
245 ## - MENCIÓN DEL TÍTULO
Título Hacia una perspectiva cristiana de la historia
250 ## - MENCION DE EDICION
Mención de edición 1 ed.
260 ## - PUBLICACIÓN, DISTRIBUCIÓN, ETC.
Lugar de publicación, distribución, etc. Buenos Aires :
Nombre del editor, distribuidor, etc. Fraternidad Teologica Latinoamericana,
Fecha de publicación, distribución, etc. 1978
300 ## - DESCRIPCIÓN FÍSICA
Extensión 80p ;
Dimensiones 21 cm
500 ## - NOTA GENERAL
Nota general Documento del primer Coloquio de la Comunidad Kairos en abril de 1977
942 ## - ELEMENTOS DE ENTRADA SECUNDARIOS (KOHA)
Tipo de ítem Koha Colección General
Holdings
Estatus retirado Estado de pérdida Estado de daño No para préstamo Biblioteca de origen Biblioteca actual Fecha de adquisición Número de inventario Total de préstamos Signatura topográfica completa Código de barras Visto por última vez Precio de reemplazo Tipo de ítem Koha
        Biblioteca Pluis Biblioteca Pluis 27/10/2025 38676   209.0630 H11h 38676 27/10/2025 27/10/2025 Colección General